| 000 | 00571nam a22001817a 4500 | ||
|---|---|---|---|
| 005 | 20240517153941.0 | ||
| 010 | _aENG-140373 | ||
| 020 |
_a9788195342839 _c400.00 |
||
| 035 | _aEN-123905 | ||
| 037 | _bDBAD | ||
| 082 | _a615.538 | ||
| 245 |
_aAyurveda: _bPast And Present/ _cEdited by Abhichal Chattopadhyay |
||
| 260 |
_aKolkata _bDr. Satyabrata Chakrabarti _c2021 |
||
| 270 |
_aThe Asiatic Society, 1 Park Street _bKolkata _e700016 |
||
| 300 |
_axvi,192p. _c22cm.(pb) |
||
| 700 |
_aChattopadhyay, Abhichal _966297 |
||
| 942 |
_2ddc _cEN _h615.538 _mCHA |
||
| 999 |
_c202973 _d202973 |
||